000 00347 a2200169 4500
001 185119
020 _a85-7319-145-7
040 _cMagnum
100 _aRibeiro, Jonas
240 1 0 _aEm nome da paz
_lpor
245 1 0 _aEm nome da paz
300 _a20
362 0 _a1996
440 1 _aDimensão
697 _aLITERATURA INFANTO
942 _cBK
999 _c185119
_d185119